000 00864nam a22002297a 4500
003 OSt
005 20250702090735.0
008 201015s2000 ck ao||gr|||| 00| p spa d
020 _a9589661106
040 _aCO-JMCR
_cCO-JMCR
041 0 _aspa
082 0 4 _aA-P
_bPINc
_223
100 1 _aPinto Vega, Santiago,
_eautor
_911556
245 1 4 _aLas canoas del viento /
_cSantiago Pinto Vega
260 _aBogotá :
_bCentro para la Investigación y Desarrollo de la Cultura Negra,
_c2000
300 _a107 páginas :
_bilustraciones y fotografías a blanco y negro ;
_c19 cm.
505 0 _aCantos de amor a la palenquera -- El afán del palenquero -- Cantos de evocación a Luis A. Robles
600 1 4 _2Robles, Luis Antonio,
_d1849-1899
_vhomenajes
_911557
650 1 4 _2Poesía colombiana
_ySiglo XX
_911558
650 1 4 _2Negros en la literatura
942 _2ddc
_cBK
999 _c6921
_d6921